<?xml version="1.0" encoding="UTF-8"?>
<record
    xmlns:xsi="http://www.w3.org/2001/XMLSchema-instance"
    xsi:schemaLocation="http://www.loc.gov/MARC21/slim http://www.loc.gov/standards/marcxml/schema/MARC21slim.xsd"
    xmlns="http://www.loc.gov/MARC21/slim">

  <leader>01554nam a2200289 a 4500</leader>
  <controlfield tag="001">000000719</controlfield>
  <controlfield tag="003">DO-SdBNP</controlfield>
  <controlfield tag="005">20221115074210.0</controlfield>
  <controlfield tag="008">090429s1985   dr a  000 0 spa d</controlfield>
  <datafield tag="040" ind1=" " ind2=" ">
    <subfield code="a">BMPSU</subfield>
    <subfield code="b">spa</subfield>
    <subfield code="c">BPMSU</subfield>
  </datafield>
  <datafield tag="082" ind1=" " ind2="4">
    <subfield code="a">079.97293</subfield>
    <subfield code="b">R696i 1985</subfield>
    <subfield code="2">22</subfield>
  </datafield>
  <datafield tag="100" ind1="1" ind2=" ">
    <subfield code="a">Rodr&#xED;guez Demorizi, Emilio,</subfield>
    <subfield code="d">1904-1986</subfield>
  </datafield>
  <datafield tag="245" ind1="1" ind2="3">
    <subfield code="a">La imprenta y los primeros peri&#xF3;dicos de Santo Domingo /</subfield>
    <subfield code="c">Emilio Rodr&#xED;guez Demorizi </subfield>
  </datafield>
  <datafield tag="250" ind1=" " ind2=" ">
    <subfield code="a">4a ed.</subfield>
  </datafield>
  <datafield tag="260" ind1=" " ind2=" ">
    <subfield code="a">Santo Domingo :</subfield>
    <subfield code="b">Editora Taller,</subfield>
    <subfield code="c">1985</subfield>
  </datafield>
  <datafield tag="300" ind1=" " ind2=" ">
    <subfield code="a">255 p. :</subfield>
    <subfield code="b">il. ;</subfield>
    <subfield code="c">21 cm.</subfield>
  </datafield>
  <datafield tag="500" ind1=" " ind2=" ">
    <subfield code="a">A la cabeza de la portada: Feria del Libro 1985</subfield>
  </datafield>
  <datafield tag="500" ind1=" " ind2=" ">
    <subfield code="a">Incluye &#xED;ndice de nombres y de materias.</subfield>
  </datafield>
  <datafield tag="505" ind1="0" ind2=" ">
    <subfield code="t">Introducci&#xF3;n de la imprenta --</subfield>
    <subfield code="t">Impresos dominicanos m&#xE1;s antiguos --</subfield>
    <subfield code="t">El impresor Blocquerst --</subfield>
    <subfield code="t">Bolet&#xED;n de Santo Domingo, 1807 --</subfield>
    <subfield code="t">Comienzos de la libertad de imprenta en Santo Domingo --</subfield>
    <subfield code="t">El Tel&#xE9;grafo Constitucional de Santo Domingo --</subfield>
    <subfield code="t">El Duende --</subfield>
    <subfield code="g">El Tel&#xE9;grafo Constitucional de Santo Domingo --</subfield>
    <subfield code="t">Ediciones, 1821 --</subfield>
    <subfield code="g">El duende --</subfield>
    <subfield code="t">Ediciones, 1821 --</subfield>
    <subfield code="g">Ap&#xE9;ndices --</subfield>
    <subfield code="t">Novena de la Altagracia --</subfield>
    <subfield code="t">Circular sobre libertad de imprenta, 1810 --</subfield>
    <subfield code="t">N. Ure&#xF1;a, historia de El Duende --</subfield>
    <subfield code="t">&#xCD;ndice de nombres y materias.</subfield>
  </datafield>
  <datafield tag="533" ind1=" " ind2=" ">
    <subfield code="a">Reproducci&#xF3;n de:</subfield>
    <subfield code="b">Ciudad Trujillo, Rep&#xFA;blica Dominicana :</subfield>
    <subfield code="c">Imprenta San Francisco,</subfield>
    <subfield code="d">1944</subfield>
  </datafield>
  <datafield tag="590" ind1=" " ind2=" ">
    <subfield code="6">Inventariado, 2022/VM</subfield>
  </datafield>
  <datafield tag="650" ind1=" " ind2="4">
    <subfield code="a">Imprenta </subfield>
    <subfield code="z">Rep&#xFA;blica Dominicana </subfield>
    <subfield code="x">Historia </subfield>
  </datafield>
  <datafield tag="650" ind1=" " ind2="4">
    <subfield code="a">Prensa </subfield>
    <subfield code="z">Rep&#xFA;blica Dominicana </subfield>
    <subfield code="x">Historia </subfield>
  </datafield>
  <datafield tag="650" ind1=" " ind2="4">
    <subfield code="a">Diarios dominicanos </subfield>
    <subfield code="x">Historia </subfield>
  </datafield>
  <datafield tag="910" ind1=" " ind2=" ">
    <subfield code="a">VMateo V./Validado. </subfield>
  </datafield>
  <datafield tag="942" ind1=" " ind2=" ">
    <subfield code="2">ddc</subfield>
    <subfield code="c">BK</subfield>
  </datafield>
  <datafield tag="952" ind1=" " ind2=" ">
    <subfield code="0">0</subfield>
    <subfield code="1">0</subfield>
    <subfield code="2">ddc</subfield>
    <subfield code="4">0</subfield>
    <subfield code="7">0</subfield>
    <subfield code="8">CD</subfield>
    <subfield code="a">BPMET</subfield>
    <subfield code="b">BPMET</subfield>
    <subfield code="d">2022-11-15</subfield>
    <subfield code="e">Familia Reyes Duluc</subfield>
    <subfield code="l">0</subfield>
    <subfield code="o">BPMSU CD 079.97293 R696i 1985</subfield>
    <subfield code="p">BPMSU22110010</subfield>
    <subfield code="r">2022-11-15</subfield>
    <subfield code="w">2022-11-15</subfield>
    <subfield code="y">BK</subfield>
  </datafield>
  <datafield tag="999" ind1=" " ind2=" ">
    <subfield code="c">14325</subfield>
    <subfield code="d">14325</subfield>
  </datafield>
</record>
